| 000 | 00439nam a2200133Ia 4500 | ||
|---|---|---|---|
| 008 | 250506s9999 xx 000 0 und d | ||
| 024 | _a00A-25-BCS3, 00A-30-BCS3, 00A-39-BCS3 & 00A-50-BCS3 | ||
| 082 | _a004.072 SHA | ||
| 100 | _aM.Shahid Ali, Fahad Ashraf, S.Abid Hussaib Jafri & S.Uzair Ahmed | ||
| 245 | 0 | _aE-Mail Server | |
| 260 |
_aKarachi: _bUIT, _c2000 |
||
| 600 | _aComputer Science | ||
| 650 | _aBachelor of Computer Science (BS) | ||
| 999 |
_c27446 _d27446 |
||